000 00716nam a2200181 a 4500
008 160125s2006 ||||||||||||||||| || u
020 _a9780761941156
050 _aRA 418 Whi
100 _aWhite, Kevin
245 1 4 _aThe sage dictionary of health and society
_cBy Kevin White
260 _aLondon:
_bSAGE Publications
_c2006
300 _axiv, 242p.
350 _a138.54
650 _aSOCIAL MEDICINE--DICTIONARY--ENGLISH
650 _aSOCIAL MEDICINE--DICTIONARIES
650 _aSOCIOLOGY, MEDICAL--DICTIONARY--ENGLISH
995 _aMICHAEL CHILUFYA SATA OPEN ACCESS
_e903578
_FCBU-SCHOOL OF MEDICINE LIBRARY (Ndola)
_I138.54
_jRA 418 Whi
_M1
_UAVAILABLE
_WJan 27, 2016
_y903578
_ZMedical Library Open Access Collection
999 _c32647
_d32647